Catálogo
 En Linea

Discurso : (Registro nro. 13055)

Detalles MARC
000 -CABECERA
campo de control de longitud fija 00649nam a2200157 a 4500
001 - NÚMERO DE CONTROL
campo de control 000013429
003 - IDENTIFICADOR DEL NÚMERO DE CONTROL
campo de control DO-SdBNP
005 - FECHA Y HORA DE LA ÚLTIMA TRANSACCIÓN
campo de control 20210601165349.0
008 - DATOS DE LONGITUD FIJA--INFORMACIÓN GENERAL
campo de control de longitud fija 091124s1977 dr r 000 0 spa d
040 ## - FUENTE DE LA CATALOGACIÓN
Centro catalogador/agencia de origen DO-SdBNP
Lengua de catalogación spa
Centro/agencia transcriptor BNPHU
082 ## - NÚMERO DE LA CLASIFICACIÓN DECIMAL DEWEY
Número de clasificación xxxx
Número de documento/Ítem D611p
245 00 - MENCIÓN DE TÍTULO
Título Discurso :
Resto del título pronunciado por el Secretario de Estado de Relaciones Exteriores, Comodoro Ramón Emilio Jiménez con motivo de la entrega al excelentícimo señor Presidente de la República , Dr. Joaquín Balaguer /.
260 ## - PUBLICACIÓN, DISTRIBUCIÓN, ETC.
Lugar de publicación, distribución, etc. Santo Domingo :
Nombre del editor, distribuidor, etc. Secretaría de Estado de Relaciones Exteriores,
Fecha de publicación, distribución, etc. 1977.
Fabricante La Isabela
300 ## - DESCRIPCIÓN FÍSICA
Extensión 22 p. :
Otras características físicas il., retrs. ;
Dimensiones 25 cm.
942 ## - ELEMENTOS DE PUNTO DE ACCESO ADICIONAL (KOHA)
Fuente del sistema de clasificación o colocación Dewey Decimal Classification
Tipo de ítem Koha Libro
Existencias
Estado de retiro Estado de pérdida No para préstamo Código de colección Localización permanente Ubicación/localización actual Ubicación en estantería Fecha de adquisición Número de inventario Total de préstamos Signatura topográfica completa Código de barras Fecha visto por última vez Precio válido a partir de Tipo de ítem Koha Número de copia
    Excluido de préstamo Patrimonio Dominicano Patrimonio Dominicano Patrimonio Dominicano En catalogación 24.11.2009 LF1   xxxx D611p 13429-10 25.06.2020 25.06.2020 Libro y Folleto Colección Patrimonio Dominicano  
    Excluido de préstamo Patrimonio Dominicano Patrimonio Dominicano Patrimonio Dominicano En catalogación 24.11.2009 LF1   xxxx D611p 13429-20 25.06.2020 25.06.2020 Libro y Folleto Colección Patrimonio Dominicano e. 2

Con tecnología Koha